000 00462nam a2200181Ia 4500
005 20250508160927.0
008 008 250505s9999 xx 000 0 hin d
037 _aTextual
040 _aFEDL
_beng
_cFEDL
041 _ahin
_2eng
084 _a370.1, PAT
_qFEDL
100 _aPathak
245 0 _aShiksha ke samaniya siddhant
300 _a576p.
650 _aEducation-Philosophy
942 _cTEXL
_h370.1, PAT
999 _c1367443
_d1367443